Quiz sur Voiron (38) - Statistiques

Statistiques générales
  • Ce quiz a été pris 79 fois
  • Le résultat moyen est 10 sur 15
Statistiques - réponses
Hint Réponse % Correct
Nombre de lignes de bus 4
93%
Nombre de lycées 6
93%
L'alcool produit à Voiron Chartreuse
93%
Le meilleur bar de Voiron Schuss
84%
Nom de la boite de nuit (meilleur boite du Rhône-Alpes) Life
82%
Statue surplombant la ville La Vouise
77%
Club de basket dont le bus de la Ligne 1 est à l'effigie PVBC
74%
Nom de l'équipe de rugby SOV
72%
Collège des cassos La Garènne
66%
Nom de la mythique église de Voiron, communément appelée cathédrale par erreur. Saint Bruno
64%
Bar des mineurs 1835
51%
Quartier le plus chaud Brunnetière
48%
Nombre d'habitants (en milliers) 21
46%
Rue des Tacos Sermorens
34%
Avenue principale de Voiron Jules Ravat
33%
Aucun quiz correspondant
Distribution des résultats
% des personnes avec chaque résultat
Percentile par nombre de réponses
Votre historique - résultats
Vous n’avez pas pris ce quiz